000 00466nam a2200145Ia 4500
008 160216s9999 xx 000 0 und d
100 _aRoos, G.
245 _aIntegrating innovation /
245 _cG. Roos & Allan O’Connor.
260 _bUniversity of Adelaide Press
260 _c2015
650 _xInnovation - Business.
650 _xInnovation.
856 _uhttp://www.adelaide.edu.au/press/titles/integrating-innovation/integrating-innovation-ebook.pdf
999 _c290595
_d290595